Servicio de referencia : una propuesta integradora /
Guardado en:
| Autor Principal: | |
|---|---|
| Otros Autores: | , |
| Formato: | Libro |
| Idioma: | Spanish |
| Publicado: |
Buenos Aires :
Alfagrama,
2008.
|
| Series: | Biblioteca Alfagrama. Introducción a la biblioteconomía
|
| Materias: | |
| Acceso en línea: | Resumen |
| Etiquetas: |
Agregar Etiqueta
Sin Etiquetas, Sea el primero en etiquetar este registro!
|
| LEADER | 00913nam a22002175a 4500 | ||
|---|---|---|---|
| 001 | EIQ.libpla004164 | ||
| 008 | 080820s2008####ag#a#####b####000#0#spa#d | ||
| 005 | 20080820170356.0 | ||
| 245 | 1 | 0 | |a Servicio de referencia : |b una propuesta integradora / |c Irma Luz García, Mercedes Portugal ; prólogo Susana Romanos de Tiratel. |
| 260 | |a Buenos Aires : |b Alfagrama, |c 2008. | ||
| 300 | |a 280 p. : |b il. ; |c 23 cm. | ||
| 440 | 0 | |a Biblioteca Alfagrama. |p Introducción a la biblioteconomía | |
| 504 | |a Incluye referencias bibliográficas. | ||
| 100 | 1 | |a García, Irma Luz. | |
| 700 | 1 | |a Portugal, Mercedes. | |
| 700 | 1 | |a Romanos de Tiratel, Susana. | |
| 650 | 4 | |a Bibliotecas |x Servicio de referencia. | |
| 650 | 4 | |a Libraries |x Service of reference. | |
| 040 | |a AR-BbSID |b spa |c AR-BbSID | ||
| 856 | 4 | 1 | |3 Resumen |u http://alfagrama.walysoft2.com.ar/pergamo/opac/pgopac.cgi?VDOC?1?1569 |
| 859 | |a AR-BbSID |b BIB. PLAPIQUI |h 025.52 |i G 165 |p 6086 | ||
